| 000 | 00764cab a2200229 4500 | ||
|---|---|---|---|
| 001 | ABS49954 | ||
| 008 | 090401t1993 xxu||||| |||| 00| 0 eng d | ||
| 035 | _a(Sirsi) u73463 | ||
| 041 | _aeng | ||
| 100 | _aBarrett, H. | ||
| 245 | _aInvestigating townscape change and management in urban conservation areas | ||
| 260 | _c1993 | ||
| 350 | _a0 | ||
| 490 |
_aTown Planning Review _v64(4) October 1993, 435-456(12) |
||
| 520 | _aExamines some of the planned townscape changes affecting large city centre conservation areas and that have influenced policy through over twenty years of control. References. | ||
| 650 | _aCONSERVATION AREAS | ||
| 650 | _aTOWN CENTRES | ||
| 650 | _aTOWNSCAPES | ||
| 690 | _aCONSERVATION | ||
| 942 | _n0 | ||
| 948 | _c04/03/1997 | ||
| 999 |
_c46435 _d46435 |
||